00732nam a2200229Ia 4500003000400000005001700004008004100021020002200062040000700084041000800091082001300099100002900112245004300141260003800184300001200222365001400234650002400248906004900272942001200321999001900333952015000352OSt20230606134506.0210423s2018 xx 000 0 und d a978-93-86319-54-8 cAL aeng a307 BAIC aBAIRAWA (Jairam)9120256 aCommunity development: global scenario aJaipurbParadise publishersc2018 a247bHB b1295cINR aCommunities9120257 aCommunity ; development: ; global ; scenario 2ddccBK c176713d176713 001040708MSWaSACPGbSACPGd2020-09-28eUniversity Book Houseg1295.00l3o307 BAICpPG023417r2024-01-29 00:00:00s2024-01-20w2021-04-26yBK